Actrices ayant gagné un Oscar de A à Z - Statistiques

Statistiques générales
  • Ce quiz a été pris 289 fois
  • Le résultat moyen est 8 sur 22
Statistiques - réponses
Lettre Actrices % Correct
S Emma Stone / Meryl Streep / Hilary Swank / Susan Sarandon / Sissy Spacek / Maggie Smith / Barbra Streisand / Simone Signoret / Norma Shearer / Octavia Spencer / Tilda Swinton / Mira Sorvino / Maureen Stapleton / Mary Steenburgen / Beatrice Straight / Eva Marie Saint / Gale Sondergaard
88%
C Jessica Chastain / Olivia Colman / Marion Cotillard / Cher / Julie Christie / Joan Crawford / Claudette Colbert / Jamie Lee Curtis / Penélope Cruz / Jennifer Connelly
72%
B Cate Blanchett / Sandra Bullock / Halle Berry / Kathy Bates / Ellen Burstyn / Anne Bancroft / Ingrid Bergman / Shirley Booth / Kim Basinger / Juliette Binoche / Anne Baxter / Ethel Barrymore / Fay Bainter / Alice Brady
65%
L Brie Larson / Jennifer Lawrence / Jessica Lange / Sophia Loren / Vivien Leigh / Melissa Leo / Cloris Leachman
63%
H Anne Hathaway / Helen Hunt / Holly Hunter / Katharine Hepburn / Susan Hayward / Audrey Hepburn / Judy Holliday / Olivia de Havilland / Helen Hayes / Jennifer Hudson / Marcia Gay Harden / Anjelica Huston / Linda Hunt / Eileen Heckart / Goldie Hawn / Wendy Hiller / Kim Hunter / Josephine Hull / Celeste Holm
61%
M Frances McDormand / Julianne Moore / Helen Mirren / Marlee Matlin / Shirley MacLaine / Liza Minnelli / Anna Magnani / Mo'Nique / Rita Moreno / Dorothy Malone / Mercedes McCambridge / Hattie McDaniel
48%
J Glenda Jackson / Jennifer Jones / Allison Janney / Angelina Jolie / Shirley Jones
46%
K Nicole Kidman / Diane Keaton / Grace Kelly / Regina King / Lila Kedrova
44%
R Julia Roberts / Ginger Rogers / Luise Rainer / Da'Vine Joy Randolph / Mercedes Ruehl / Vanessa Redgrave / Margaret Rutherford / Donna Reed / Anne Revere
42%
P Natalie Portman / Gwyneth Paltrow / Geraldine Page / Mary Pickford / Anna Paquin / Estelle Parsons / Katína Paxinoú
42%
F Jodie Foster / Sally Field / Jane Fonda / Louise Fletcher / Joan Fontaine / Brenda Fricker
39%
W Kate Winslet / Reese Witherspoon / Joanne Woodward / Jane Wyman / Rachel Weisz / Dianne Wiest / Shelley Winters / Teresa Wright
39%
D Faye Dunaway / Bette Davis / Marie Dressler / Ariana DeBose / Laura Dern / Viola Davis / Judi Dench / Geena Davis / Olympia Dukakis / Sandy Dennis / Patty Duke / Jane Darwell
38%
T Charlize Theron / Emma Thompson / Jessica Tandy / Elizabeth Taylor / Marisa Tomei / Claire Trevor
34%
Y Michelle Yeoh / Loretta Young / Youn Yuh-jung
31%
Z Renée Zellweger / Catherine Zeta-Jones
23%
A Julie Andrews / Patricia Arquette / Peggy Ashcroft / Mary Astor
15%
G Greer Garson / Janet Gaynor / Whoopi Goldberg / Lee Grant / Ruth Gordon / Gloria Grahame
13%
N Patricia Neal / Lupita Nyong'o
5%
V Alicia Vikander / Jo Van Fleet
3%
O Tatum O'Neal
2%
U Miyoshi Umeki
1%
Aucun quiz correspondant
Distribution des résultats
% des personnes avec chaque résultat
Percentile par nombre de réponses
Votre historique - résultats
Vous n’avez pas pris ce quiz